[Event "2009 Canadian Youth Chess Championship"]
[Site "Victoria Canada"]
[EventDate "2009.07.21"]
[Date "2009.07.22"]
[Round "4"]
[White "Doknjas, Joshua"]
[WhiteTitle "-"]
[WhiteElo "1020"]
[Black "Geng, Matthew"]
[BlackTitle "-"]
[BlackElo "691"]
[Result "1-0"]
[Source "MonRoi"]

1. e4# e6 2. d4 d5 3. exd5 exd5 4. Nf3 Nc6 5. Bd3 Nf6 6. O-O Bd6 7. c3 Bg4 8. Re1 Ne7 9. Bg5 Bxf3 10. Qxf3 Qd7 11. Bxf6 gxf6 12. Qxf6 Rg8 13. Bf5 Qc6 14. Qh4 Kf8 15. Bd3 Qd7 16. Qh6 Ke8 17. Qxh7 Kf8 18. Qh6 Ke8 19. Qe3 Qg4 20. g3 Qh3 21. Bf1 Qh5 22. Bg2 Rh8 23. h3 Kf8 24. Kh2 Re8 25. Qf3 Qg5 26. Re6 Rg8 27. Rf6 Rg7 28. h4 Qc1 29. Qe2 Nf5 30. Qd2 Qxd2 31. Nxd2 Ne7 32. Re1 Rg6 33. Rxg6 fxg6 34. Nf3 Kg7 35. Ng5 Kf6  1-0

[Event "2009 Canadian Youth Chess Championship"]
[Site "Victoria Canada"]
[EventDate "2009.07.21"]
[Date "2009.07.22"]
[Round "4"]
[White "Boushy, Declan Paul"]
[WhiteTitle "-"]
[WhiteElo "804"]
[Black "Su, Michael"]
[BlackTitle "-"]
[BlackElo "1106"]
[Result "0-1"]
[Source "MonRoi"]

1. e4 e5 2. Nf3 Nc6 3. d4 exd4 4. Nxd4 Nxd4 5. Qxd4 Nf6 6. e5 Nh5 7. Be2 g6 8. g4 Ng7 9. Bh6 Ne6 10. Bxf8 Nxd4 11. Bg7 Rg8 12. Bf6 Nxc2 13. Kd1 Qxf6 14. exf6 Nxa1 15. Kd2 d5 16. g5 Be6 17. Na3 O-O-O 18. Rxa1 Bf5 19. Rc1 d4 20. Nb5 c6 21. Nxa7++ Kb8 22. Nxc6 bxc6 23. Rxc6 d3 24. Bd1 Kb7 25. Ba4 Rd4 26. a3 Rxa4 27. Rc8 Kxc8 28. b3 Rxa3 29. h3 Ra2 30. Kc1 d2 31. Kd1 Kd7 32. Ke2 Rd8 33. f3 Kc7 34. Kf2 d1Q  0-1

[Event "2009 Canadian Youth Chess Championship"]
[Site "Victoria Canada"]
[EventDate "2009.07.21"]
[Date "2009.07.21"]
[Round "1"]
[White "Kleinman, Michael"]
[WhiteTitle "-"]
[WhiteElo "2096"]
[Black "Parker, Dylan"]
[BlackTitle "-"]
[BlackElo "1574"]
[Result "1-0"]
[Source "MonRoi"]

1. e4 e5 2. Nf3 Nc6 3. Bc4 Bc5 4. c3 Qe7 5. d4 exd4 6. O-O Ne5 7. Nxe5 Qxe5 8. f4 dxc3 9. Kh1 cxb2 10. fxe5 bxa1Q 11. Qd5 Kd8 12. Qxc5 Ne7 13. Rxf7 Ng6 14. Bg5 Ke8 15. Re7 Kf8 16. Qf2 Nf4 17. Qxf4#  1-0

[Event "2009 Canadian Youth Chess Championship"]
[Site "Victoria Canada"]
[EventDate "2009.07.21"]
[Date "2009.07.21"]
[Round "1"]
[White "Deng, Yi"]
[WhiteTitle "-"]
[WhiteElo "695"]
[Black "Zhang, Yuanchen"]
[BlackTitle "-"]
[BlackElo "1294"]
[Result "0-1"]
[Source "MonRoi"]

1. e4 c5 2. Nf3 e6 3. Be2 Nc6 4. c4 Nf6 5. Nc3 d6 6. d4 cxd4 7. Nxd4 Qb6 8. Nf3 a6 9. Na4 Qc7 10. Bd3 Be7 11. O-O O-O 12. Re1 Bd7 13. Be3 Nb4 14. Be2 Nxe4 15. a3 Bxa4 16. Qxa4 Nc6 17. Bd3 Nc5 18. Bxc5 dxc5 19. Qc2 h6 20. Rad1 Rad8 21. Be4 Rxd1 22. Rxd1 Rd8 23. Rxd8+ Bxd8 24. Bxc6 Qxc6 25. Ne5 Qd6 26. Nf3 Bf6 27. h3 Bd4 28. Qb3 b6 29. Nh2 Be5 30. g3 Qc6 31. f4 Bd4 32. Kf1 Qh1 33. Ke2 Qxh2 34. Kd3 Qxg3 35. Kc2 Qxb3 36. Kxb3 Be3 37. Ka4 Bxf4 38. b3 e5 39. b4 e4 40. bxc5 bxc5 41. Ka5 e3 42. Kxa6 e2 43. Kb5 e1Q 44. Kxc5 Qa5 45. Kd4 Qe5 46. Kd3 Kf8 47. a4  0-1

[Event "2009 Canadian Youth Chess Championship"]
[Site "Victoria Canada"]
[EventDate "2009.07.21"]
[Date "2009.07.21"]
[Round "1"]
[White "Hemmings, Sydney"]
[WhiteTitle "-"]
[WhiteElo "981"]
[Black "Fang, Tina"]
[BlackTitle "-"]
[BlackElo "1431"]
[Result "0-1"]
[Source "MonRoi"]

1. Nf3 Nf6 2. g3 g6 3. Bg2 Bg7 4. O-O O-O 5. d3 d5 6. Nbd2 c5 7. e4 e6 8. exd5 Nxd5 9. Re1 Nc6 10. c4 Ndb4 11. d4 cxd4 12. a3 Nd3 13. Rf1 e5 14. Ne1 Nxc1 15. Rxc1 Be6 16. Nef3 Rc8 17. Nb3 e4 18. Nfxd4 Nxd4 19. Nxd4 Qxd4 20. Qxd4 Bxd4 21. Rb1 Bxc4 22. Rfd1 Bd3 23. Rbc1 Bxb2 24. Rxc8 Rxc8 25. Re1 Rc1 26. Rxc1 Bxc1 27. a4 Bd2 28. Bf1 Kf8 29. Bxd3 exd3 30. Kf1 Ke7 31. Kg2 Kd6 32. Kf3 Ba5 33. Ke3 d2 34. Ke2 Kc5 35. Kd3 d1Q 36. Ke3 Kd5 37. Kf4 Qxa4 38. Ke3 Qe4#  0-1

[Event "2009 Canadian Youth Chess Championship"]
[Site "Victoria Canada"]
[EventDate "2009.07.21"]
[Date "2009.07.21"]
[Round "1"]
[White "Giblon, Melissa"]
[WhiteTitle "-"]
[WhiteElo "1208"]
[Black "Milicevic, Aleksandra"]
[BlackTitle "-"]
[BlackElo "1194"]
[Result "1-0"]
[Source "MonRoi"]

1. e4 c5 2. Nf3 Nc6 3. d4 cxd4 4. Nxd4 g6 5. Nc3 Bg7 6. Bc4 Nxd4 7. Be3 Nc6 8. Qd2 Nf6 9. O-O-O O-O 10. Bh6 d6 11. f3 Qb6 12. g4 Bd7 13. h4 Bxg4 14. fxg4 Nxe4 15. Be3 Nxd2 16. Bxb6 axb6 17. Rxd2 Ne5 18. Be2 Rac8 19. Nd5 Rfe8 20. Bb5 Nc6 21. Nxb6 Rb8 22. Nd5 Ra8 23. Kb1 Be5 24. Nc7 Rac8 25. Nxe8 Rxe8 26. Rg2 Rc8 27. h5 Nd4 28. Bd3 Rc5 29. hxg6 hxg6 30. Rh3 Bf4 31. Rf2 Re5 32. b3 Be3 33. Rf1 e6 34. Rfh1 Kf8 35. Rh7 g5 36. Rf1 Bf4 37. Rfh1 Ke7 38. Bg6 Kd7 39. Rxf7+ Kc6 40. Rhh7 Nb5 41. a4 Re1++ 42. Ka2 Rf1 43. axb5+ Kxb5 44. Rxb7+ Kc5 45. Rhc7 Kd4 46. Rc4 Ke3 47. Re4 Kd2 48. Bh7 Re1 49. Bg6 Be5 50. Rxe1 Kxe1 51. c4 Bd4 52. Re7 e5 53. Rd7 Bc5 54. Kb2 Kd2 55. Rh7 Ke3 56. Kc3 Bd4+ 57. Kb4 Kf4 58. Bh5 e4 59. Rf7++ Ke3 60. Bg6 Kd3 61. Bxe4+ Kxe4 62. Rf5 Kd3 63. Rxg5 Kc2 64. Rd5 Bc5+ 65. Ka4 Kc3 66. g5 Kc2 67. g6 Kb2 68. g7 Kc3 69. g8Q Kb2 70. Qg3 Kc2 71. Rh5 Kd2 72. Rh2+ Kc1 73. Qe1#  1-0

[Event "2009 Canadian Youth Chess Championship"]
[Site "Victoria Canada"]
[EventDate "2009.07.21"]
[Date "2009.07.21"]
[Round "1"]
[White "Feldman, Michelle"]
[WhiteTitle "-"]
[WhiteElo "943"]
[Black "Macinnis, Maggie Rose"]
[BlackTitle "-"]
[BlackElo "876"]
[Result "1-0"]
[Source "MonRoi"]

1. e4 d5 2. e5 Nc6 3. Nf3 Bg4 4. Bb5 Bxf3 5. Qxf3 a6 6. Bxc6 bxc6 7. c4 g6 8. O-O Bg7 9. d4 e6 10. Bf4 Ne7 11. c5 Nf5 12. Rd1 O-O 13. Nc3 Rb8 14. b3 Rb4 15. Be3 f6 16. exf6 Bxf6 17. Qg4 h5 18. Qxg6 Ng7 19. Bh6 Rf7 20. Ne2 e5 21. Ng3 exd4 22. Nxh5 Qf8 23. Re1 Rb8 24. Nxf6 Rxf6 25. Qxg7 Qxg7 26. Bxg7 Kxg7 27. Re7 Rf7 28. Rxf7 Kxf7 29. h4 Rb5 30. Re1 Rxc5 31. Re5 d3 32. Re1 d2 33. Rd1 Rc2 34. Kh2 c5 35. h5 c4 36. g4 c3 37. g5 Rc1 38. g6 Kg7 39. Kg3 Rxd1 40. Kg4 Re1 41. h6 Kxh6 42. Kf5 d1Q 43. f4 Qh5 44. Kf6 Qxg6#  1-0

[Event "2009 Canadian Youth Chess Championship"]
[Site "Victoria Canada"]
[EventDate "2009.07.21"]
[Date "2009.07.21"]
[Round "1"]
[White "Tanraj S, Sohal"]
[WhiteTitle "-"]
[WhiteElo "2072"]
[Black "Itkin, David"]
[BlackTitle "-"]
[BlackElo "1819"]
[Result "1-0"]
[Source "MonRoi"]

1. d4 Nf6 2. c4 g6 3. Nc3 Bg7 4. e4 d6 5. f3 O-O 6. Be3 Nc6 7. Nge2 e5 8. Qd2 a5 9. d5 Ne7 10. O-O-O Bd7 11. g4 Be8 12. Ng3 a4 13. h4 Nd7 14. Bd3 c6 15. h5 f6 16. hxg6 Bxg6 17. Nf5 Nc5 18. Nxg7 Kxg7 19. Bh6 Kg8 20. Bxf8 Qxf8 21. Bc2 Nc8 22. f4 exf4 23. Qxf4 a3 24. b3 Qg7 25. Qe3 Rb8 26. Qd4 Na6 27. Rdf1 c5 28. Qxf6 Nb4  1-0

[Event "2009 Canadian Youth Chess Championship"]
[Site "Victoria Canada"]
[EventDate "2009.07.21"]
[Date "2009.07.22"]
[Round "5"]
[White "Calugar, Arthur"]
[WhiteTitle "-"]
[WhiteElo "2224"]
[Black "Mackinnon, Keith"]
[BlackTitle "-"]
[BlackElo "2241"]
[Result "0-1"]
[Source "MonRoi"]

1. b3 e5 2. Bb2 Nc6 3. e3 g6 4. f4 Bg7 5. Nf3 d6 6. Bb5 Bd7 7. O-O Nge7 8. fxe5 O-O 9. Bxc6 Bxc6 10. c4 Rb8 11. d4 Bxf3 12. gxf3 Nf5 13. Qe2 dxe5 14. dxe5 Qg5+ 15. Kh1 Qxe3 16. Re1 Qxe2 17. Rxe2 Rfe8 18. Nd2 Rbd8 19. Rae1 Nd4 20. Re4 Nc2 21. R1e2 Rd3 22. f4 Red8 23. Nf1 Nd4 24. Bxd4 R8xd4 25. Ng3 Bh6 26. Rxd4 Rxd4 27. f5 Bf4 28. e6 fxe6 29. fxe6 Kf8 30. e7+ Ke8 31. Ne4 Kxe7 32. Kg2 Ke6 33. Nc3+ Kf5 34. Nd5 Re4 35. Rf2 c6 36. Nc3 Re3 37. Ne2 g5 38. Ng3+ Ke5 39. Nf1 Re1 40. Ng3 a5 41. Kf3 Be3 42. Rg2 Kd4 43. Nf5 Kd3 44. Nxe3 Rxe3 45. Kg4 h6 46. Kh5 Rh3+ 47. Kg4 Rh4++ 48. Kg3 h5 49. Rf2 Rg4+ 50. Kh3 Rf4 51. Rg2 Rf3+ 52. Rg3 Rxg3 53. Kxg3 Kc3 54. Kf3 Kb2 55. Ke4 Kxa2 56. Kf5 Kxb3 57. Kxg5 a4 58. Kxh5 a3 59. Kg6 a2 60. h4 a1Q 61. h5 Kxc4  0-1

[Event "2009 Canadian Youth Chess Championship"]
[Site "Victoria Canada"]
[EventDate "2009.07.21"]
[Date "2009.07.22"]
[Round "5"]
[White "Hui, Jeremy"]
[WhiteTitle "-"]
[WhiteElo "1500"]
[Black "Jensen, Jacob"]
[BlackTitle "-"]
[BlackElo "1635"]
[Result "1-0"]
[Source "MonRoi"]

1. e4 c5 2. c3 d5 3. exd5 Qxd5 4. d4 Nf6 5. Nf3 Bg4 6. Be2 e6 7. O-O Nc6 8. Be3 cxd4 9. cxd4 Be7 10. Nc3 Qd6 11. Rc1 O-O 12. Qd2 Rfd8 13. Rfd1 Nd5 14. Nxd5 Qxd5 15. a3 Rac8 16. h3 Bh5 17. Bc4 Qd7 18. Be2 Bf6 19. Rc3 Bxf3 20. gxf3 e5 21. d5 Qxh3 22. Qc1 Nd4 23. Bxd4 exd4 24. Rxc8 Rxc8 25. Qf4 Re8 26. Bf1 Qd7 27. Bc4 Re5 28. Qh2 g6 29. Kf1 Qc7 30. Be2 Qc2 31. Re1 d3 32. Bd1 Rxe1 33. Kxe1 Qxb2 34. Qb8 Kg7 35. d6 d2 36. Ke2 Bg5 37. Qe8  1-0

[Event "2009 Canadian Youth Chess Championship"]
[Site "Victoria Canada"]
[EventDate "2009.07.21"]
[Date "2009.07.22"]
[Round "5"]
[White "Qian, Andy"]
[WhiteTitle "-"]
[WhiteElo "972"]
[Black "Lamothe, Zachari"]
[BlackTitle "-"]
[BlackElo "840"]
[Result "0-1"]
[Source "MonRoi"]

1. d4 Nc6 2. c4 e5 3. d5 Na5 4. e4 Nxc4 5. Bxc4 Bb4 6. Bd2 Bxd2 7. Nxd2 Nf6 8. Ngf3 O-O 9. Nxe5 d6 10. Nef3 Bg4 11. Qe2 Bxf3 12. Qxf3 Qe8 13. O-O c6 14. Rfe1 b5 15. Bb3 cxd5 16. exd5 Qb8 17. Ne4 Qb7 18. Nxf6 gxf6 19. Qxf6 Rfe8 20. Rxe8 Rxe8 21. Qxd6 Rc8 22. Qh6 Qc7 23. a3 a5 24. d6 Qd8 25. Rd1 a4 26. Bxf7 Kxf7 27. Qxh7 Kf6 28. Qh4 Ke6 29. Qxd8 Rxd8 30. d7 Rxd7 31. Rxd7 Kxd7 32. Kf1 Kc6 33. Ke2 Kc5 34. Kd3 b4 35. h4 bxa3 36. bxa3 Kd6 37. g4 Ke6 38. Kd4 Kf6 39. f4 Kg6 40. Ke5 Kh6 41. Kf6 Kh7 42. g5 Kh8 43. g6 Kg8 44. g7 Kh7 45. Kf7 Kh6 46. g8Q Kh5 47. Qg5  0-1

[Event "2009 Canadian Youth Chess Championship"]
[Site "Victoria Canada"]
[EventDate "2009.07.21"]
[Date "2009.07.22"]
[Round "5"]
[White "Deng, Yi"]
[WhiteTitle "-"]
[WhiteElo "695"]
[Black "Zotkin, Daniel"]
[BlackTitle "-"]
[BlackElo "1300"]
[Result "0-1"]
[Source "MonRoi"]

1. e4 c5 2. Nf3 Nc6 3. Bc4 g6 4. O-O Bg7 5. d3 Nf6 6. e5 Ng4 7. Bd2 Ngxe5 8. Bc3 Nxf3 9. Qxf3 O-O 10. Bxg7 Kxg7 11. Re1 Nd4 12. Qd1 d5 13. Bb3 b5 14. c3 Nxb3 15. Qxb3 a6 16. Re5 Be6 17. Nd2 c4 18. Qc2 Bf5 19. Qd1 Bxd3 20. Qg4 Qc8 21. Qd4 Kg8 22. Rxe7 Re8 23. Rxe8 Qxe8 24. Qxd5 Qe6 25. Qxa8 Kg7 26. b4 Qe2 27. Nf3 Qb2 28. Re1 Qxc3 29. Qxa6 Qxb4 30. Rc1 c3 31. Qc6 c2 32. h3 Qb1 33. Qxc2 Bxc2 34. Rxb1 Bxb1 35. a3 Kf6 36. Nd4 Bd3 37. f4 g5 38. fxg5 Kxg5 39. Kf2 Kf4 40. Ke1 Ke3 41. Nc6 Ke4 42. Kd2 Bc4 43. Nb4 Kf4 44. Nd3 Kg3 45. Ne1 Bf1 46. Ke3 Bxg2 47. Nxg2 Kxg2 48. h4 h5 49. Kf4 Kh3 50. Kg5 f5 51. Kxh5 f4 52. Kg5 f3 53. Kf4 f2 54. Kf3 f1Q  0-1

[Event "2009 Canadian Youth Chess Championship"]
[Site "Victoria Canada"]
[EventDate "2009.07.21"]
[Date "2009.07.22"]
[Round "5"]
[White "Powell, Ashley"]
[WhiteTitle "-"]
[WhiteElo "1300"]
[Black "Botez, Alexandra"]
[BlackTitle "-"]
[BlackElo "1883"]
[Result "0-1"]
[Source "MonRoi"]

1. e4 c6 2. Nf3 d5 3. Nc3 dxe4 4. Nxe4 Bf5 5. Ng3 Bg6 6. h4 h6 7. h5 Bh7 8. d4 Nd7 9. Bd3 Bxd3 10. Qxd3 Ngf6 11. Be3 e6 12. O-O-O Qc7 13. Rhe1 Bd6 14. Ne4 Nxe4 15. Qxe4 Nf6 16. Qd3 Nxh5 17. g4 Nf4 18. Qd2 O-O-O 19. Kb1 g5 20. Qc3 Nd5 21. Qd2 Nxe3 22. Qxe3 Bf4 23. Qc3 Rd5 24. Ne5 Bxe5 25. dxe5 Rhd8 26. a3 Rxd1++ 27. Ka2 Rxe1 28. Qxe1 Qd7 29. Qa5 Qd5++ 30. Qxd5 Rxd5 31. c4 Rxe5 32. Kb3 Re2 33. f3 Re3+ 34. Ka2 Rxf3 35. c5 f5 36. gxf5 exf5 37. a4 h5 38. a5 g4 39. Kb1 g3 40. Ka2 h4 41. b4 g2 42. Kb2 g1Q 43. Kc2 h3 44. Kb2 h2 45. Kc2 h1Q 46. Kb2 Rb3 47. Kxb3 f4 48. Kc3 f3 49. Kb3 f2 50. Kc2 f1B 51. b5 Bxb5 52. a6 Qf2 53. Kc3 Qc2+ 54. Kxc2 Bxa6 55. Kb2 Qb1+ 56. Kxb1 b6 57. cxb6 axb6 58. Kb2 Kd7 59. Kc2 Kd6 60. Kb2 Kd5 61. Kc2 Kd4 62. Kb2 c5 63. Kc2 c4 64. Kd2 c3+ 65. Kc2 Bd3+ 66. Kb3 c2 67. Kb4 c1Q 68. Ka4 Bb5+ 69. Kxb5 Qc5+ 70. Ka4 Qa5 71. Kb3 Kd3 72. Kb2 Qc3+ 73. Kb1 Qd2 74. Ka1 Kc3 75. Kb1 Qb2#  0-1

[Event "2009 Canadian Youth Chess Championship"]
[Site "Victoria Canada"]
[EventDate "2009.07.21"]
[Date "2009.07.22"]
[Round "5"]
[White "Qian, Jack"]
[WhiteTitle "-"]
[WhiteElo "1319"]
[Black "Lai, Jingzhou"]
[BlackTitle "-"]
[BlackElo "1773"]
[Result "0-1"]
[Source "MonRoi"]

1. e4 e6 2. d4 d5 3. Nc3 Nf6 4. e5 Nfd7 5. f4 c5 6. Nf3 Nc6 7. Be3 Qb6 8. Qd2 cxd4 9. Nxd4 Nxd4 10. Bxd4 Qd8 11. Be2 Be7 12. O-O O-O 13. Kh1 f6 14. Rf3 fxe5 15. fxe5 Rxf3 16. Bxf3 Bc5 17. Bxd5 exd5 18. e6 Bxd4 19. exd7 Bxc3 20. Qxd5 Kh8 21. dxc8Q Qxc8 22. bxc3 Qxc3 23. Rb1 Re8 24. h3 Qxc2 25. Rxb7 Qc1 26. Kh2 Qf4 27. g3 Re2#  0-1

[Event "2009 Canadian Youth Chess Championship"]
[Site "Victoria Canada"]
[EventDate "2009.07.21"]
[Date "2009.07.23"]
[Round "6"]
[White "Itkin, David"]
[WhiteTitle "-"]
[WhiteElo "1819"]
[Black "Zu, Zheng"]
[BlackTitle "-"]
[BlackElo "1762"]
[Result "1-0"]
[Source "MonRoi"]

1. e4 e6 2. d4 d5 3. Nc3 Nf6 4. Bg5 Bb4 5. e5 h6 6. Bd2 Bxc3 7. Bxc3 Ne4 8. Bb4 c5 9. dxc5 Nxf2 10. Kxf2 Qh4 11. g3 Qxb4 12. Nf3 Qxc5 13. Kg2 O-O 14. Bd3 b6 15. Ng5 Ba6 16. Bh7 Kh8 17. Qh5 Qe7 18. h4 Nd7 19. Rae1 f6 20. exf6 Nxf6 21. Qg6 Qe8 22. Nxe6 Qxg6 23. Bxg6 Rfc8 24. c3 Ne4 25. g4 Nc5 26. g5 Nd3 27. Ref1 Ne5 28. Bc2 Bxf1 29. Rxf1 Nc4 30. Rf3 Rc6 31. Nf4 Re8 32. Ba4 Rcc8 33. Bxe8 Rxe8 34. b3 Ne3 35. Kf2 d4 36. cxd4 Nc2 37. d5 Rd8 38. g6 Kg8 39. Ne6 Re8 40. Rf7 Nb4 41. Rxg7 Kh8 42. Rxa7 Nxd5 43. Nd4 Ne7 44. h5 Kg8 45. Kf3 Nd5 46. Nf5 Nf6 47. Nxh6 Kh8 48. g7 Kh7 49. g8Q Kxh6 50. Qg6  1-0

[Event "2009 Canadian Youth Chess Championship"]
[Site "Victoria Canada"]
[EventDate "2009.07.21"]
[Date "2009.07.23"]
[Round "6"]
[White "Cheng, Guy"]
[WhiteTitle "-"]
[WhiteElo "1292"]
[Black "Qian, Jack"]
[BlackTitle "-"]
[BlackElo "1319"]
[Result "0-1"]
[Source "MonRoi"]

1. d4 Nf6 2. c4 e6 3. Nc3 Bb4 4. e3 c5 5. Nge2 O-O 6. a3 cxd4 7. exd4 Be7 8. Bf4 b6 9. Ng1 d5 10. Nf3 Bb7 11. Be2 dxc4 12. Bxc4 Nd5 13. Be3 Na6 14. O-O Rc8 15. Qd3 Nac7 16. Bd2 Nf6 17. Rac1 Ncd5 18. Rfe1 h6 19. Bb3 Bd6 20. Bc2 Nf4 21. Bxf4 Bxf4 22. Rcd1 Qc7 23. Ne5 Rfd8 24. Qe2 Bxe5 25. Qxe5 Qxe5 26. dxe5 Rxd1 27. Rxd1 Nd5 28. Kf1 Kf8 29. Be4 Nxc3 30. Bxb7 Nxd1 31. Bxc8 Nxb2 32. Ba6 Na4 33. Ke2 Ke7 34. Ke3 Nc5 35. Be2 f6 36. exf6 gxf6 37. Bc4 e5 38. h3 a6 39. f3 b5 40. Be2 f5 41. f4 Kf6 42. g4 exf4 43. Kxf4 fxg4 44. hxg4 Ke6 45. Bf3 a5 46. Be2 b4 47. axb4 axb4 48. Bc4 Kf6 49. Ke3 Ke5 50. Kf3 b3 51. Bxb3 Nxb3 52. Kg3 Kf6 53. Kh4 Kg6 54. Kg3 Kg5 55. Kh3 Nd4 56. Kg3 Nc6 57. Kh3 Ne5 58. Kg3 Nxg4 59. Kh3 Nf6 60. Kg3 Nd5 61. Kh3 Ne7 62. Kg3 Nf5 63. Kh3 h5 64. Kh2 Kh4 65. Kg2 Nh6 66. Kh2 Kg4 67. Kg2 Nf5 68. Kh2 Ne3 69. Kh1 Kg3 70. Kg1 Nd5 71. Kh1 Nf6 72. Kg1 Ng4 73. Kh1 Nf2 74. Kg1 h4 75. Kf1 h3 76. Kg1 h2 77. Kf1 h1Q 78. Ke2 Qd5 79. Ke3 Qd3#  0-1

[Event "2009 Canadian Youth Chess Championship"]
[Site "Victoria Canada"]
[EventDate "2009.07.21"]
[Date "2009.07.23"]
[Round "6"]
[White "Huang, James"]
[WhiteTitle "-"]
[WhiteElo "758"]
[Black "Sirkovich, Daniel"]
[BlackTitle "-"]
[BlackElo "1292"]
[Result "0-1"]
[Source "MonRoi"]

1. e4 c5 2. Nc3 d6 3. Nf3 Nf6 4. Be2 g6 5. O-O Bg7 6. a3 O-O 7. d3 Nc6 8. Be3 b6 9. Nd5 Nxd5 10. exd5 Nb8 11. c3 Bb7 12. c4 Bxb2 13. Rb1 Bg7 14. a4 Nd7 15. d4 cxd4 16. Bxd4 Bxd4 17. Nxd4 Nf6 18. a5 Ne4 19. Qd3 Nc5 20. Qc2 bxa5 21. Qc1 a6 22. Qh6 Ra7 23. Rb2 Qc8 24. Rfb1 Nd7 25. Bh5 Nf6 26. Be2 Qa8 27. f4 Kh8 28. f5 Rg8 29. Nf3 Rg7 30. Nd4 Rg8 31. Rb3 Bxd5 32. cxd5 Qxd5 33. Rd1 gxf5 34. g3 Rd7 35. Rf3 e6 36. Nxf5 Qe5 37. Ne7 Ng4 38. Qh4 Qxe2 39. Nxg8 Qxd1 40. Kg2 Qe2 41. Kh3 Qxf3 42. Qxg4 Qxg4 43. Kxg4 Kxg8 44. h4 a4 45. Kh5 a3 46. g4 a2 47. Kh6 a1Q 48. g5 Qg7 49. Kh5 a5 50. g6 Qxg6  0-1

[Event "2009 Canadian Youth Chess Championship"]
[Site "Victoria Canada"]
[EventDate "2009.07.21"]
[Date "2009.07.23"]
[Round "6"]
[White "Lamothe, Zachari"]
[WhiteTitle "-"]
[WhiteElo "840"]
[Black "Carradice, Lemuel"]
[BlackTitle "-"]
[BlackElo "961"]
[Result "0-1"]
[Source "MonRoi"]

1. Nf3 d6 2. e3 Bg4 3. Bb5 Bd7 4. Bxd7 Nxd7 5. Nc3 Nf6 6. d3 g6 7. e4 Ne5 8. Nxe5 dxe5 9. f3 Bg7 10. Nd5 Nxd5 11. exd5 Qxd5 12. O-O Qc5 13. d4 Qxd4 14. Qxd4 exd4 15. Rd1 h5 16. c3 e5 17. cxd4 exd4 18. Re1 Kd8 19. Bg5 f6 20. Bc1 Bh6 21. Rd1 Be3 22. Kf1 Bg5 23. Rxd4 Ke7 24. f4 c5 25. Re4 Kf7 26. fxg5 Rad8 27. Rf4 Rd7 28. gxf6 Rhd8 29. Be3 Rc7 30. Rc1 g5 31. Rf5 b6 32. Bxg5 Kg6 33. Rf4 Kxg5 34. Rf3 Rf8 35. Re1 Kg4 36. Re4 Kg5 37. f7 Rcxf7 38. Ref4 Rd8 39. Rxf7 Rd1 40. Ke2 Rh1 41. Rg7 Kh6 42. Rg8 a5 43. Rfg3 Kh7 44. R3g7 Kh6 45. Rg3 Kh7 46. R3g5 Rxh2 47. R8g7 Kh8 48. Ra7 Rh4 49. Rd5 Re4 50. Kd3 Rd4 51. Ke3 Rxd5 52. Ke4 Rd8 53. Kf4 Rd1 54. g4 h4 55. Kg5 h3 56. Kh6 Rd6 57. Kh5 h2 58. Ra8 Kh7 59. Ra7 Kg8 60. b4 h1Q 61. Kg5 Qh6 62. Kf5 Qf8 63. Ke5 Qf6 64. Ke4 Rd4 65. Ke3 Rxb4 66. Ra8 Kg7 67. a3 Rb3 68. Ke4 c4 69. Rd8 c3 70. Rd3 Qg6 71. Ke3 b5 72. Rd7 Kf8 73. Kd4 c2 74. Rc7 Qd6 75. Ke4 Qxc7 76. Kf5 c1N 77. g5 Qc8 78. Kf6 Nd3 79. g6 Nc5 80. g7 Kg8 81. Kg6 Qg4 82. Kf6 Rf3 83. Ke7 Qe6 84. Kd8 Qd7  0-1

[Event "2009 Canadian Youth Chess Championship"]
[Site "Victoria Canada"]
[EventDate "2009.07.21"]
[Date "2009.07.23"]
[Round "6"]
[White "Kalaydina, Regina-Veronicka"]
[WhiteTitle "-"]
[WhiteElo "1812"]
[Black "Zhang, Wenyue"]
[BlackTitle "-"]
[BlackElo "1351"]
[Result "1-0"]
[Source "MonRoi"]

1. e4 c5 2. Nf3 d6 3. d4 cxd4 4. Nxd4 Nf6 5. f3 Nc6 6. c4 g6 7. Nc3 Bg7 8. Be3 O-O 9. Be2 Bd7 10. O-O Rc8 11. Qd2 Ne5 12. b3 a6 13. Rac1 Nc6 14. a4 Nxd4 15. Bxd4 Rc6 16. b4 Be6 17. Nd5 Bxd5 18. cxd5 Rxc1 19. Rxc1 e5 20. Be3 Nd7 21. Qc2 Qb8 22. Qc7 Nf6 23. Qb6 Nd7 24. Qc7 Nf6 25. a5 h5 26. Bb6 Bh6 27. Rc2 Kg7 28. Bd3 Bf4 29. Qxb8 Rxb8 30. Bc7 Re8 31. Bxd6 Be3 32. Kf1 Ra8 33. Bxe5 b5 34. axb6 Bxb6 35. Bxf6 Kxf6 36. Rc6 Kg7 37. Rxb6 a5 38. Ra6 Rxa6 39. Bxa6 axb4 40. e5 Kf8 41. Ke2 b3 42. Kd3 b2 43. Kc2 b1Q 44. Kxb1 Ke7 45. d6 Kd8 46. Bc4 Ke8 47. Kc2 g5 48. Bb5 Kd8 49. d7 Ke7 50. Kd3 Kd8 51. Ke4 g4 52. fxg4 hxg4 53. Kf4 Ke7 54. Kxg4 Kd8 55. h4 Ke7 56. h5  1-0

[Event "2009 Canadian Youth Chess Championship"]
[Site "Victoria Canada"]
[EventDate "2009.07.21"]
[Date "2009.07.23"]
[Round "6"]
[White "Powell, Ashley"]
[WhiteTitle "-"]
[WhiteElo "1300"]
[Black "Hemmings, Sydney"]
[BlackTitle "-"]
[BlackElo "981"]
[Result "1-0"]
[Source "MonRoi"]

1. e4 d6 2. d4 g6 3. Nf3 Bg7 4. Nc3 e6 5. Bg5 Qd7 6. Bb5 c6 7. Ba4 e5 8. d5 Nf6 9. Bxf6 Bxf6 10. O-O O-O 11. dxc6 bxc6 12. Nd5 Bg7 13. Qd2 Qd8 14. Nc3 Ba6 15. Rfd1 Re8 16. Qxd6 Qxd6 17. Rxd6 Bf8 18. Rd2 Rc8 19. Ne2 Bh6 20. Rd6 Bxe2 21. Re1 Bb5 22. Bxb5 cxb5 23. Nxe5 Bf8 24. Rd5 Nc6 25. Nxc6 Rxc6 26. Rxb5 Rc4 27. c3 a6 28. Rb6 Rc5 29. a4 Ra5 30. e5 Rb5 31. Rxb5 axb5 32. e6 Rd8 33. h3 Re8 34. exf7+ Kxf7 35. Rd1 Bh6 36. Rd7+ Kg8 37. Rb7 Bf8 38. Rxb5 Bd6 39. Kf1 Bb8 40. Ra5 Bc7 41. Ra7 Bb6 42. Rb7 Bc5 43. b4 Be7 44. c4 Bf6 45. c5 Bc3 46. g4 Re1+ 47. Kg2 Bd4 48. Rd7 Re4 49. c6 Rf4 50. Kg3 Rf8 51. c7 Bf6 52. Rd3 Be5 53. Kg2 Bxc7 54. a5 Rb8 55. Rc3 Be5 56. Rb3 Bd6 57. b5 Ra8 58. a6 Ra7 59. Rd3 Bc5 60. Rc3 Rc7 61. b6 Bxb6 62. Rxc7 Bxc7 63. a7 h5 64. a8Q Kg7 65. Qb7 hxg4 66. Qxc7+ Kh6 67. hxg4 Kg5 68. Qe5+ Kxg4 69. Qg3+ Kf5 70. Qf3 Kg5 71. Kg3 Kh6 72. Kg4 g5 73. Qf6+ Kh7 74. Qxg5 Kh8 75. Kf5 Kh7 76. Kf6 Kh8 77. Qg7#  1-0

[Event "2009 Canadian Youth Chess Championship"]
[Site "Victoria Canada"]
[EventDate "2009.07.21"]
[Date "2009.07.23"]
[Round "6"]
[White "Sohal, Tanraj S"]
[WhiteTitle "-"]
[WhiteElo "2072"]
[Black "Sorko, Nicholas"]
[BlackTitle "-"]
[BlackElo "1432"]
[Result "1-0"]
[Source "MonRoi"]

1. d4 d5 2. c4 c6 3. cxd5 cxd5 4. Nc3 Nf6 5. Bf4 Nc6 6. e3 Qb6 7. Qb3 Qxb3 8. axb3 a6 9. Bd3 e6 10. Nf3 Bb4 11. O-O O-O 12. Ne5 Ne7 13. Ra4 a5 14. Raa1 Nh5 15. Bg3 f6 16. Nf3 Rf7 17. Rfc1 Bd7 18. Na4 Bxa4 19. bxa4 Nxg3 20. hxg3 Raf8 21. Bb5 Ng6 22. Rc2 e5 23. Rac1 e4 24. Nd2 h5 25. Nb3 b6 26. Rc6 Rb8 27. Rc8 Rxc8 28. Rxc8 Rf8 29. Rc6 Rb8 30. Rc7 Kf8 31. Be2 h4 32. Bh5 Ne7 33. gxh4 g6 34. Be2 Kf7 35. h5 gxh5 36. Bxh5 Ke6 37. Be2 Kd6 38. Rc2 Rc8 39. Rxc8 Nxc8 40. Na1 Ke6 41. Nc2 Bd6 42. f4 Ne7 43. g4 f5 44. g5 Ng6 45. Kg2 Be7 46. Bh5 Kf7 47. Bxg6 Kxg6 48. Kf2 Bf8 49. Na1 Bb4 50. Nb3 Kh5 51. Nc1 Kg6 52. Na2 Bf8 53. Nc3 Kf7 54. Nxd5 Kg6 55. Nxb6 Bb4 56. Nc4 Kh5 57. Ne5 Bd6 58. Nc4 Bb4 59. d5 Kg6 60. d6 Kf7 61. Ne5 Ke6 62. d7 Be7 63. Kg3 Bd8 64. Kh4 Ke7 65. Nc6 Kxd7 66. Nxd8 Kxd8 67. Kh5 Ke7 68. Kh6 Kf7 69. Kh7 Ke6 70. g6 Kd5 71. g7 Kc4 72. g8Q Kd3 73. Qb3 Ke2 74. Qc3 Kf3 75. Qxa5 Kxe3 76. Qxf5 Kd4 77. Qxe4 Kxe4 78. a5 Kxf4 79. a6 Ke3 80. a7 Kd2 81. a8Q Kc2 82. b4 Kc3 83. b5  1-0